000 00356nam a2200145Ia 4500
008 230917s9999||||xx |||||||||||||| ||und||
040 _e76682
_aMAIN
041 _aEnglish
082 _a658.4092 B432L
100 _aBender, Peter Urs
245 0 _aLeadership from within
260 _aNew Delhi
_bMacmillan
_c1999
300 _axiv, 236 p.
942 _cBK
999 _c101952
_d101952